000 00588nam a2200229Ia 4500
003 OSt
005 20221005120209.0
006 a|||||r|||| 00| 0
007 ta
008 221004b |||||||| |||| 00| 0 eng d
024 _a55310
037 _cTextual
040 _aCRL
_cCRL
_beng
041 _2eng
_aeng
082 _aV20Q7:5:N5, H6
100 _aQureshi Ishtiaq Husain
245 0 _aDevelopment of Islamic culture in India
260 _c1946
650 _aHISTORY
942 _hV20Q7:5:N5, H6
_cTEXL
_2cc
999 _c1037142
_d1037142